| 000 | 00540nam a22002057a 4500 | ||
|---|---|---|---|
| 001 | 00028836 | ||
| 005 | 20260427091814.0 | ||
| 008 | 260422b ag ||||| |||| 00| 0 spa d | ||
| 020 | _a9789504917038 | ||
| 040 |
_bspa _cAR-CcCEOS |
||
| 080 | _a982 | ||
| 090 | _bPIG | ||
| 100 | 1 |
_aPigna, Felipe, _d1959- _91091 |
|
| 245 |
_aBouchard, el corsario de la patria / _cFelipe Pigna |
||
| 250 | _a1ยช ed. | ||
| 260 |
_aBuenos Aires : _bPlaneta, _c2007. |
||
| 300 |
_a48 p. ; _c28x20 cm. |
||
| 650 | 0 | _ahistoria argentina | |
| 942 |
_2udc _cBK |
||
| 999 |
_c28877 _d28877 |
||
| 945 |
_c66467 _dMelina Rolando |
||